Les 20 pays possédant les armées les plus puissantes du monde - Statistiques

Statistiques générales
  • Ce quiz a été pris 115 fois
  • Le résultat moyen est 17 sur 20
Statistiques - réponses
# Pays % Correct
1 Etats-Unis
99%
7 France
99%
2 Russie
99%
3 Chine
98%
8 Japon
97%
6 Royaume-Uni
97%
14 Allemagne
95%
4 Inde
93%
11 Brésil
92%
17 Espagne
91%
10 Italie
89%
5 Corée du Sud
85%
16 Iran
78%
18 Australie
77%
15 Israël
75%
12 Pakistan
73%
20 Ukraine
69%
9 Turquie
65%
19 Egypte
63%
13 Indonésie
63%
Aucun quiz correspondant
Distribution des résultats
% des personnes avec chaque résultat
Percentile par nombre de réponses
Votre historique - résultats
Vous n’avez pas pris ce quiz